Housing subsidies in Sweden (Record no. 74653)
[ view plain ]
| 000 -LEADER | |
|---|---|
| fixed length control field | 01587cam a2200241 4500 |
| 001 - CONTROL NUMBER | |
| control field | X128222 |
| 008 - FIXED-LENGTH DATA ELEMENTS--GENERAL INFORMATION | |
| fixed length control field | 041207n2004 000 0 eng u |
| 035 ## - SYSTEM CONTROL NUMBER | |
| System control number | (Sirsi) u128222 |
| 100 ## - MAIN ENTRY--PERSONAL NAME | |
| Personal name | Hardt, G. |
| 245 ## - TITLE STATEMENT | |
| Title | Housing subsidies in Sweden |
| 260 ## - PUBLICATION, DISTRIBUTION, ETC. | |
| Date of publication, distribution, etc. | 2004 |
| 490 ## - SERIES STATEMENT | |
| Series statement | Global Tenant: International Union of Tenants' Quarterly Magazine |
| Volume/sequential designation | October 2004, 10-11(2) |
| 520 ## - SUMMARY, ETC. | |
| Summary, etc. | Looks at the housing subsidy system in Sweden, which it is claimed, is unfair to the rental sector, ineffective as to income distribution and has involved increasingly less public participation over the years. The housing sector pays out more today in taxes than it receives in subsidies, which are predominantly comprised of tax deductions applying only to owner-occupiers and housing allowances payable to pensioners and households with children or with applicants 18-29 years of age. Describes also interest subsidies paid to new construction and renovation projects, investment grants aimed at facilitating new construction in areas of housing shortage, credit guarantees given to projects that have been granted interest subsidies. Subsidies in Sweden have become less general and more selective/income related. Charts display subsidies and taxes in 1991 and 2004 and an overview of subsidies. |
| 590 ## - LOCAL NOTE (RLIN) | |
| Local note | ABS |
| 650 ## - SUBJECT ADDED ENTRY--TOPICAL TERM | |
| Topical term or geographic name entry element | HOUSING ALLOWANCE |
| 650 ## - SUBJECT ADDED ENTRY--TOPICAL TERM | |
| Topical term or geographic name entry element | INTEREST SUBSIDIES |
| 650 ## - SUBJECT ADDED ENTRY--TOPICAL TERM | |
| Topical term or geographic name entry element | CREDIT GUARANTEES |
| 650 ## - SUBJECT ADDED ENTRY--TOPICAL TERM | |
| Topical term or geographic name entry element | TAX DEDUCTIONS |
| 650 ## - SUBJECT ADDED ENTRY--TOPICAL TERM | |
| Topical term or geographic name entry element | INVESTMENT GRANTS |
| 650 ## - SUBJECT ADDED ENTRY--TOPICAL TERM | |
| Topical term or geographic name entry element | HOUSING SUBSIDIES |
| 690 ## - LOCAL SUBJECT ADDED ENTRY--TOPICAL TERM (OCLC, RLIN) | |
| Topical term or geographic name as entry element | PROPERTY-RESIDENTIAL PROPERTY-RESIDENTIAL PROPERTY MARKET |
| 942 ## - ADDED ENTRY ELEMENTS (KOHA) | |
| Suppress in OPAC | 0 |
No items available.